[Event "Quebec Montcalm op 6 2018-19"]
[Site "Quebec"]
[Date "2019.04.11"]
[Round "4"]
[White "Cournoyer, Dominic"]
[Black "Fecteau, Martin"]
[Result "1/2-1/2"]
[WhiteElo "1999"]
[BlackElo "1921"]
[PlyCount "73"]
[EventDate "2019.03.21"]
[EventType "swiss"]
[EventRounds "5"]
[EventCountry "CAN"]
[SourceTitle "EXT 2022"]
[Source "ChessBase"]
[SourceDate "2021.10.06"]
[SourceVersion "1"]
[SourceVersionDate "2021.10.06"]
[SourceQuality "1"]

1. c4 e5 2. Nc3 Nf6 3. Nf3 d6 4. d4 exd4 5. Nxd4 g6 6. g3 Bg7 7. Bg2 0-0 8. 0-0 Nbd7 9. b3 Re8 10. Bb2 Nc5 11. e3 a5 12. Qc2 c6 13. Rad1 Qc7 14. Ba3 Bd7 15. Bb2 Rad8 16. Rfe1 Bc8 17. e4 Ne6 18. Nce2 Ng5 19. Nf4 h5 20. h4 Ngh7 21. Bc3 Ng4 22. Qd2 b6 23. Qc2 Ne5 24. Nd3 Nf6 25. f4 Nxd3 26. Qxd3 Ng4 27. Qc2 Bd7 28. Nf3 Bxc3 29. Qxc3 c5 30. e5 dxe5 31. Nxe5 Nxe5 32. Rxe5 Bg4 33. Rxd8 Qxd8 34. Bd5 Rxe5 35. Qxe5 Bf5 36. Kf2 Qf8 37. Be4 1/2-1/2

[Event "Quebec Montcalm op 5 2018-19"]
[Site "Quebec"]
[Date "2019.03.07"]
[Round "4"]
[White "Cournoyer, Dominic"]
[Black "Sarra Bournet, Marc"]
[Result "1-0"]
[WhiteElo "1992"]
[BlackElo "1852"]
[PlyCount "111"]
[EventDate "2019.02.14"]
[EventType "swiss"]
[EventRounds "5"]
[EventCountry "CAN"]
[SourceTitle "EXT 2022"]
[Source "ChessBase"]
[SourceDate "2021.10.06"]
[SourceVersion "1"]
[SourceVersionDate "2021.10.06"]
[SourceQuality "1"]

1. c4 e5 2. Nc3 Nf6 3. Nf3 Nc6 4. g3 Bc5 5. Bg2 d6 6. Na4 0-0 7. Nxc5 dxc5 8. d3 h6 9. 0-0 Qe7 10. b3 Rb8 11. Bb2 Rd8 12. Nd2 Nd4 13. h3 Nf5 14. Kh2 Nd6 15. Qc2 Nf5 16. Nf3 Nd4 17. Nxd4 cxd4 18. e3 Bf5 19. exd4 exd4 20. Rfe1 Qd7 21. Re5 c6 22. Rae1 Re8 23. Qd2 Rxe5 24. Rxe5 Re8 25. Qe2 Rxe5 26. Qxe5 Bxd3 27. Bxd4 Bb1 28. Qb8+ Kh7 29. Bxf6 gxf6 30. Qxa7 Kg7 31. b4 Qd2 32. Qxb7 Bxa2 33. Qxc6 Qxb4 34. c5 Qd4 35. Qd6 Qxf2 36. c6 Bc4 37. Qd1 Bb5 38. Qg4+ Kh7 39. Qe4+ f5 40. Qd5 Bf1 41. c7 Qc2 42. Qxf7+ Kh8 43. c8Q+ Qxc8 44. Bxf1 Qc2+ 45. Bg2 Qf2 46. h4 Qc2 47. Kh3 Qd3 48. Qd5 Qc2 49. Qd8+ Kg7 50. Qd7+ Kf6 51. Qc6+ Qxc6 52. Bxc6 Ke5 53. Kg2 Kd4 54. Kf3 Ke5 55. Bd7 Kf6 56. Kf4 1-0

[Event "Quebec Montcalm op 5 2018-19"]
[Site "Quebec"]
[Date "2019.02.21"]
[Round "2"]
[White "Fleury, Dominic"]
[Black "Cournoyer, Dominic"]
[Result "0-1"]
[WhiteElo "1414"]
[BlackElo "1992"]
[PlyCount "108"]
[EventDate "2019.02.14"]
[EventType "swiss"]
[EventRounds "5"]
[EventCountry "CAN"]
[SourceTitle "EXT 2022"]
[Source "ChessBase"]
[SourceDate "2021.10.06"]
[SourceVersion "1"]
[SourceVersionDate "2021.10.06"]
[SourceQuality "1"]

1. e4 g6 2. d4 Bg7 3. c3 d6 4. Nf3 Nf6 5. Bd3 0-0 6. 0-0 Nbd7 7. Re1 c5 8. d5 Ng4 9. Nbd2 Nge5 10. Nc4 Nxf3+ 11. Qxf3 b5 12. Nd2 Ne5 13. Qe2 Nxd3 14. Qxd3 b4 15. c4 a5 16. Rb1 e6 17. b3 exd5 18. Qxd5 Rb8 19. Bb2 Bb7 20. Qd3 Bxb2 21. Rxb2 f5 22. exf5 Rxf5 23. Nf1 Qf6 24. Rbe2 Rf8 25. f3 Qg5 26. Ng3 R5f6 27. Re7 Ba8 28. Re8 d5 29. R1e5 Qc1+ 30. Kf2 dxc4 31. Qxc4+ Qxc4 32. bxc4 Rxe8 33. Rxe8+ Rf8 34. Re5 Rc8 35. Ne4 Bxe4 36. fxe4 Kf7 37. Ke3 a4 38. Kd2 Kf6 39. Rd5 Ke6 40. Kc2 Rc7 41. Kb1 Rf7 42. Rxc5 Rf1+ 43. Kb2 Rf2+ 44. Kb1 Rxg2 45. Ra5 a3 46. Rb5 Rb2+ 47. Ka1 Rxh2 48. Rxb4 Ke5 49. c5 Rc2 50. Rb3 Rc1+ 51. Rb1 Rxc5 52. Rb5 Kd4 53. e5 Rxb5 54. e6 Re5 0-1

[Event "Quebec Montcalm op 4 2018-19"]
[Site "Quebec"]
[Date "2019.01.17"]
[Round "2"]
[White "Fleury, Dominic"]
[Black "Cournoyer, Dominic"]
[Result "0-1"]
[WhiteElo "1376"]
[BlackElo "1973"]
[PlyCount "56"]
[EventDate "2019.01.10"]
[EventType "swiss"]
[EventRounds "5"]
[EventCountry "CAN"]
[SourceTitle "EXT 2022"]
[Source "ChessBase"]
[SourceDate "2021.10.06"]
[SourceVersion "1"]
[SourceVersionDate "2021.10.06"]
[SourceQuality "1"]

1. e4 g6 2. d4 Bg7 3. c3 d6 4. Nf3 Nf6 5. Nbd2 0-0 6. Bd3 Nbd7 7. 0-0 c5 8. d5 a6 9. Nc4 b5 10. e5 dxe5 11. Ncxe5 Nxe5 12. Nxe5 Qxd5 13. Re1 Bb7 14. f3 Rad8 15. Bf4 c4 16. Bc2 Qc5+ 17. Be3 Qxe5 18. Bd4 Qc7 19. Qe2 e6 20. Rad1 Nd5 21. Be4 Bxd4+ 22. Rxd4 Nf4 23. Qe3 Bxe4 24. Rxe4 Nd3 25. Re2 Qc5 26. Rd4 Rxd4 27. cxd4 Qd5 28. b3 Rd8 0-1

[Event "Quebec Montcalm op 4 2018-19"]
[Site "Quebec"]
[Date "2019.01.10"]
[Round "1"]
[White "Cournoyer, Dominic"]
[Black "Lescarbeau, Martin"]
[Result "1-0"]
[WhiteElo "1973"]
[BlackElo "1666"]
[PlyCount "57"]
[EventDate "2019.01.10"]
[EventType "swiss"]
[EventRounds "5"]
[EventCountry "CAN"]
[SourceTitle "EXT 2022"]
[Source "ChessBase"]
[SourceDate "2021.10.06"]
[SourceVersion "1"]
[SourceVersionDate "2021.10.06"]
[SourceQuality "1"]

1. c4 e5 2. Nc3 Nf6 3. Nf3 Nc6 4. g3 d5 5. cxd5 Nxd5 6. Bg2 Be6 7. 0-0 Be7 8. d3 0-0 9. Bd2 h6 10. a3 Bf6 11. Ne4 Nd4 12. Nxf6+ Qxf6 13. Nxd4 exd4 14. Rc1 c6 15. b4 Nc7 16. e4 dxe3 17. fxe3 Qb2 18. Ra1 Nd5 19. Qc1 Qe5 20. Kh1 Rad8 21. e4 Ne7 22. Bc3 Qh5 23. Qe3 Rfe8 24. Rf2 f5 25. Raf1 fxe4 26. dxe4 Bc4 27. Rc1 Nd5 28. Qc5 Nf6 29. Qxc4+ 1-0

[Event "Quebec Montcalm op 3 2018-19"]
[Site "Quebec"]
[Date "2018.12.06"]
[Round "4"]
[White "Cournoyer, Dominic"]
[Black "Fecteau, Martin"]
[Result "1-0"]
[WhiteElo "1922"]
[BlackElo "1913"]
[PlyCount "61"]
[EventDate "2018.11.15"]
[EventType "swiss"]
[EventRounds "5"]
[EventCountry "CAN"]
[SourceTitle "EXT 2022"]
[Source "ChessBase"]
[SourceDate "2021.10.06"]
[SourceVersion "1"]
[SourceVersionDate "2021.10.06"]
[SourceQuality "1"]

1. c4 e5 2. Nc3 Nf6 3. Nf3 Nc6 4. d4 exd4 5. Nxd4 Bc5 6. Nb3 Be7 7. g3 Ne5 8. c5 d5 9. cxd6 Bxd6 10. Bg2 0-0 11. 0-0 c6 12. Bg5 Be7 13. Qc2 Ng6 14. Rad1 Nd7 15. Be3 Bg5 16. f4 Qe8 17. Bf2 Bd8 18. Ne4 Bb6 19. Nd4 Qe7 20. Nf5 Bxf2+ 21. Rxf2 Qb4 22. a3 Qb6 23. Qc3 Nf6 24. Nh6+ Kh8 25. Nxf6 Ne7 26. Nd7 Bxd7 27. Rxd7 Nd5 28. Bxd5 cxd5 29. Nxf7+ Kg8 30. Nd6 d4 31. Qc4+ 1-0

[Event "Quebec Montcalm op 2 2018-19"]
[Site "Quebec"]
[Date "2018.11.01"]
[Round "4"]
[White "Dumont, Eric"]
[Black "Cournoyer, Dominic"]
[Result "0-1"]
[WhiteElo "1684"]
[BlackElo "1943"]
[PlyCount "100"]
[EventDate "2018.10.11"]
[EventType "swiss"]
[EventRounds "5"]
[EventCountry "CAN"]
[SourceTitle "EXT 2022"]
[Source "ChessBase"]
[SourceDate "2021.10.06"]
[SourceVersion "1"]
[SourceVersionDate "2021.10.06"]
[SourceQuality "1"]

1. d4 Nf6 2. Bf4 d5 3. e3 c6 4. c4 Bf5 5. Nc3 e6 6. Nf3 h6 7. Qb3 Qb6 8. Be2 Qxb3 9. axb3 Nbd7 10. 0-0 Bc2 11. Nd2 Be7 12. Rfc1 Bg6 13. Ra2 a6 14. Rca1 0-0 15. c5 Nh5 16. Bxh5 Bxh5 17. b4 Rad8 18. Nb3 Nf6 19. Na5 Rd7 20. Na4 Bd8 21. Nb3 Be2 22. Nd2 Bd3 23. Ra3 Bc2 24. Nf3 Bxa4 25. Rxa4 Be7 26. Ne5 Rdd8 27. Nd3 g5 28. Be5 Nd7 29. Bg3 f6 30. f4 f5 31. fxg5 hxg5 32. Be5 Nxe5 33. Nxe5 Bf6 34. Nf3 g4 35. Ne1 f4 36. Kf2 fxe3+ 37. Kxe3 e5 38. Nc2 Bg5+ 39. Kd3 Rf2 40. dxe5 Rd2+ 41. Kc3 Rxg2 42. Nd4 Re8 43. e6 Bf6 44. Re1 Rxh2 45. Kd3 Rh3+ 46. Re3 Bxd4 47. Kxd4 Rxe3 48. Kxe3 Rxe6+ 49. Kf4 Re4+ 50. Kg3 Kg7 0-1

[Event "Montcalm CC-ch"]
[Site "Quebec"]
[Date "2018.05.10"]
[Round "3"]
[White "Cournoyer, Dominic"]
[Black "Sauve, Richard"]
[Result "1/2-1/2"]
[WhiteElo "1971"]
[BlackElo "1976"]
[PlyCount "60"]
[EventDate "2018.04.26"]
[EventType "tourn"]
[EventRounds "5"]
[EventCountry "CAN"]
[SourceTitle "EXT 2022"]
[Source "ChessBase"]
[SourceDate "2021.10.06"]
[SourceVersion "1"]
[SourceVersionDate "2021.10.06"]
[SourceQuality "1"]

1. c4 e6 2. Nc3 d5 3. cxd5 exd5 4. d4 Nf6 5. Nf3 Be7 6. Bf4 0-0 7. e3 c6 8. Bd3 Bg4 9. h3 Bh5 10. Qb3 Qb6 11. Qxb6 axb6 12. Bg5 Bg6 13. Bxf6 Bxf6 14. Kd2 Bxd3 15. Kxd3 Rd8 16. a4 Na6 17. b3 Nb4+ 18. Kd2 Rac8 19. Na2 Nxa2 20. Rxa2 Kf8 21. Rc2 Be7 22. Kd3 Bd6 23. Rhc1 Re8 24. Nd2 Bb4 25. Nb1 Re6 26. Nc3 Rce8 27. Ne2 Bd6 28. Nc3 Bb4 29. Ne2 Bd6 30. Nc3 Bb4 1/2-1/2

[Event "Montcalm CC-ch"]
[Site "Quebec"]
[Date "2018.04.26"]
[Round "1"]
[White "Cournoyer, Dominic"]
[Black "Gaulin, Gaetan"]
[Result "1/2-1/2"]
[WhiteElo "1971"]
[BlackElo "1929"]
[PlyCount "95"]
[EventDate "2018.04.26"]
[EventType "tourn"]
[EventRounds "5"]
[EventCountry "CAN"]
[SourceTitle "EXT 2022"]
[Source "ChessBase"]
[SourceDate "2021.10.06"]
[SourceVersion "1"]
[SourceVersionDate "2021.10.06"]
[SourceQuality "1"]

1. c4 e6 2. Nc3 d5 3. cxd5 exd5 4. d4 Nf6 5. Nf3 Bd6 6. Bg5 c6 7. e3 Bf5 8. Qb3 Qb6 9. Qxb6 axb6 10. Bxf6 gxf6 11. Kd2 Na6 12. Be2 b5 13. a3 Nc7 14. h3 0-0 15. Bd3 Bg6 16. g4 b4 17. axb4 Bxb4 18. Nh4 Rfd8 19. f4 Bxd3 20. Kxd3 Ne8 21. Nf5 Nd6 22. Nxd6 Bxd6 23. Ne2 Kf8 24. Ng3 Ke8 25. Nf5 Bf8 26. h4 Kd7 27. Kc3 Re8 28. Kd3 Red8 29. Ng3 Bd6 30. g5 Be7 31. Nh5 Ke6 32. Ng7+ Kd7 33. Nf5 Bf8 34. Rhg1 Ke6 35. Ng3 f5 36. Ne2 Bb4 37. Nc3 Bxc3 38. Kxc3 Kd6 39. Rgb1 Re8 40. Kd2 Kc7 41. Kd3 Kb6 42. Ra3 Kc7 43. Rba1 Rxa3+ 44. Rxa3 Kb6 45. Kd2 Rg8 46. Ra1 Re8 47. Kd3 Rd8 48. Ra3 1/2-1/2

[Event "Quebec Montcalm op 3 2017-18"]
[Site "Quebec"]
[Date "2017.12.07"]
[Round "4"]
[White "Cournoyer, Dominic"]
[Black "Lessard, Claude"]
[Result "0-1"]
[WhiteElo "1902"]
[BlackElo "2121"]
[PlyCount "44"]
[EventDate "2017.11.16"]
[EventType "swiss"]
[EventRounds "5"]
[EventCountry "CAN"]
[SourceTitle "EXT 2022"]
[Source "ChessBase"]
[SourceDate "2021.10.06"]
[SourceVersion "1"]
[SourceVersionDate "2021.10.06"]
[SourceQuality "1"]

1. Nf3 Nf6 2. g3 g6 3. Bg2 d6 4. d4 c5 5. 0-0 cxd4 6. Nxd4 Bg7 7. c3 0-0 8. Nd2 Nbd7 9. N2f3 Nc5 10. Nb3 Na4 11. Nbd4 Bd7 12. Qc2 Rc8 13. Bg5 h6 14. Bxf6 Bxf6 15. Qd2 Bg7 16. Rad1 Qc7 17. b3 Nxc3 18. Rc1 e5 19. Nc2 Nxa2 20. Ra1 Nc3 21. Na3 e4 22. Ne1 e3 0-1

[Event "Quebec Montcalm op 5 2016-17"]
[Site "Quebec"]
[Date "2017.02.23"]
[Round "2"]
[White "Dube, Daniel"]
[Black "Cournoyer, Dominic"]
[Result "1/2-1/2"]
[WhiteElo "1851"]
[BlackElo "1983"]
[PlyCount "80"]
[EventDate "2017.02.16"]
[EventType "swiss"]
[EventRounds "5"]
[EventCountry "CAN"]
[SourceTitle "EXT 2022"]
[Source "ChessBase"]
[SourceDate "2021.10.06"]
[SourceVersion "1"]
[SourceVersionDate "2021.10.06"]
[SourceQuality "1"]

1. e4 d5 2. exd5 Nf6 3. Nf3 Nxd5 4. d4 g6 5. c4 Nf6 6. Be2 Bg7 7. 0-0 0-0 8. Nc3 c6 9. h3 Qc7 10. Bg5 b6 11. Qd2 Bb7 12. Bf4 Qd8 13. Rfd1 Nbd7 14. Qe3 Re8 15. Ne5 Qc8 16. c5 b5 17. b4 e6 18. g4 Nd5 19. Qg3 Nxc3 20. Qxc3 Nf6 21. Bf3 Rd8 22. Bg5 Nd5 23. Bxd5 Rxd5 24. Qf3 f5 25. a4 a6 26. a5 Qe8 27. Bf4 Rad8 28. Bg5 Ra8 29. Qe3 Bxe5 30. dxe5 Qd7 31. Qf3 Rf8 32. Bf6 Bc8 33. g5 Qc7 34. h4 Bd7 35. h5 Be8 36. hxg6 Bxg6 37. Kg2 Rf7 38. Rh1 Rfd7 39. Rad1 Qc8 40. Rxd5 Rxd5 1/2-1/2

[Event "Quebec Montcalm op 4 2016-17"]
[Site "Quebec"]
[Date "2017.02.02"]
[Round "4"]
[White "Lamontagne, Danny"]
[Black "Cournoyer, Dominic"]
[Result "1-0"]
[WhiteElo "1917"]
[BlackElo "1923"]
[PlyCount "47"]
[EventDate "2017.01.12"]
[EventType "swiss"]
[EventRounds "5"]
[EventCountry "CAN"]
[SourceTitle "EXT 2022"]
[Source "ChessBase"]
[SourceDate "2021.10.06"]
[SourceVersion "1"]
[SourceVersionDate "2021.10.06"]
[SourceQuality "1"]

1. e4 d5 2. exd5 Nf6 3. d4 Nxd5 4. c4 Nf6 5. Nf3 Bg4 6. Qb3 b6 7. Be2 e6 8. h3 Bh5 9. Bg5 Be7 10. Bxf6 Bxf6 11. Qb5+ c6 12. Qxh5 Bxd4 13. Nxd4 Qxd4 14. Nc3 0-0 15. Rd1 Qf6 16. 0-0 Na6 17. Qf3 Qxf3 18. Bxf3 Rfc8 19. Rd6 Rd8 20. Rfd1 Rxd6 21. Rxd6 Nc5 22. b4 Na6 23. b5 Nc5 24. bxc6 1-0

[Event "Quebec Montcalm op"]
[Site "Quebec"]
[Date "2017.01.08"]
[Round "5"]
[White "Cournoyer, Dominic"]
[Black "Garcia Casillas, Carlos"]
[Result "1-0"]
[WhiteElo "1944"]
[BlackElo "1808"]
[PlyCount "97"]
[EventDate "2017.01.06"]
[EventType "swiss"]
[EventRounds "5"]
[EventCountry "CAN"]
[SourceTitle "EXT 2022"]
[Source "ChessBase"]
[SourceDate "2021.10.06"]
[SourceVersion "1"]
[SourceVersionDate "2021.10.06"]
[SourceQuality "1"]

1. c4 Nf6 2. Nc3 g6 3. g3 Bg7 4. Bg2 d6 5. Nf3 0-0 6. 0-0 e5 7. d4 Nbd7 8. Qc2 c6 9. Rd1 Qe7 10. b3 Re8 11. Bb2 e4 12. Ng5 e3 13. f3 h6 14. Nge4 Nxe4 15. fxe4 Nf6 16. Rf1 Ng4 17. Nd1 Qg5 18. Rf4 f5 19. Qd3 fxe4 20. Bxe4 Qh5 21. h4 Rxe4 22. Qxe4 Bf5 23. Qf3 Re8 24. Nc3 Nf6 25. Rxf5 Qxf5 26. Qxf5 gxf5 27. Rf1 Ne4 28. Nxe4 Rxe4 29. Rxf5 Bxd4 30. Bxd4 Rxd4 31. Rf6 Rd2 32. Rxh6 d5 33. cxd5 cxd5 34. Rd6 d4 35. Kf1 Rd1+ 36. Kg2 Kf7 37. Rd7+ Ke6 38. Rxb7 d3 39. Kf3 Rd2 40. Kxe3 Rxe2+ 41. Kxd3 Rxa2 42. Ke4 Kf6 43. Kf4 Rf2+ 44. Kg4 Ra2 45. h5 Ra5 46. Kh4 Kf5 47. g4+ Kf4 48. Rf7+ Ke5 49. Rf5+ 1-0

[Event "Quebec Montcalm op"]
[Site "Quebec"]
[Date "2017.01.08"]
[Round "4"]
[White "Gingras, Philippe"]
[Black "Cournoyer, Dominic"]
[Result "1-0"]
[WhiteElo "1782"]
[BlackElo "1944"]
[PlyCount "67"]
[EventDate "2017.01.06"]
[EventType "swiss"]
[EventRounds "5"]
[EventCountry "CAN"]
[SourceTitle "EXT 2022"]
[Source "ChessBase"]
[SourceDate "2021.10.06"]
[SourceVersion "1"]
[SourceVersionDate "2021.10.06"]
[SourceQuality "1"]

1. d4 d5 2. c4 c6 3. Nc3 f5 4. Nf3 e6 5. Bf4 Nf6 6. e3 Be7 7. Bd3 0-0 8. 0-0 Bd7 9. Rb1 Be8 10. Bxb8 Rxb8 11. Ne5 Bh5 12. Qc2 Nd7 13. Nxd7 Qxd7 14. b4 Bd6 15. c5 Bc7 16. b5 Qe7 17. bxc6 bxc6 18. Qa4 Qh4 19. f4 Qe7 20. Qxc6 Be8 21. Qa6 Bf7 22. Nb5 Ra8 23. Nxc7 Qxc7 24. Rb7 Qc8 25. Rfb1 Rd8 26. Qa5 Rd7 27. Ba6 Qc6 28. Rxd7 Qxd7 29. Rb7 Qc6 30. Qc7 Qxc7 31. Rxc7 Kf8 32. c6 Ke8 33. Rxf7 Kxf7 34. c7 1-0

[Event "Quebec Montcalm op 3 2016-17"]
[Site "Quebec"]
[Date "2016.12.15"]
[Round "5"]
[White "Lamontagne, Danny"]
[Black "Cournoyer, Dominic"]
[Result "1/2-1/2"]
[WhiteElo "1902"]
[BlackElo "1943"]
[PlyCount "54"]
[EventDate "2016.11.17"]
[EventType "swiss"]
[EventRounds "5"]
[EventCountry "CAN"]
[SourceTitle "EXT 2022"]
[Source "ChessBase"]
[SourceDate "2021.10.06"]
[SourceVersion "1"]
[SourceVersionDate "2021.10.06"]
[SourceQuality "1"]

1. e4 d5 2. exd5 Nf6 3. Nf3 Nxd5 4. d4 Bg4 5. h3 Bh5 6. g4 Bg6 7. Ne5 e6 8. c4 Nb6 9. Nc3 Bb4 10. a3 Be4 11. Rg1 Bxc3+ 12. bxc3 N8d7 13. Bf4 Nxe5 14. Bxe5 0-0 15. Qe2 Bc6 16. g5 Nd7 17. h4 Nxe5 18. Qxe5 Qd6 19. Qxd6 cxd6 20. Bd3 e5 21. d5 Be8 22. f4 exf4 23. Rf1 f5 24. Rxf4 Bd7 25. Kd2 g6 26. Re1 Rfe8 27. Rxe8+ Rxe8 1/2-1/2

[Event "Quebec Montcalm op 1 2016-17"]
[Site "Quebec"]
[Date "2016.09.15"]
[Round "2"]
[White "Cournoyer, Dominic"]
[Black "Doyon, Stephane"]
[Result "1-0"]
[WhiteElo "1947"]
[BlackElo "1870"]
[PlyCount "51"]
[EventDate "2016.09.08"]
[EventType "swiss"]
[EventRounds "5"]
[EventCountry "CAN"]
[SourceTitle "EXT 2022"]
[Source "ChessBase"]
[SourceDate "2021.10.06"]
[SourceVersion "1"]
[SourceVersionDate "2021.10.06"]
[SourceQuality "1"]

1. c4 c6 2. Nf3 d5 3. cxd5 cxd5 4. d4 Nf6 5. Bf4 Nc6 6. e3 a6 7. Bd3 Bg4 8. Nc3 e6 9. h3 Bh5 10. Rc1 Bd6 11. Bxd6 Qxd6 12. 0-0 0-0 13. Be2 Bg6 14. Na4 Nd7 15. Qd2 Rfc8 16. Nc5 Rc7 17. Rc3 Rac8 18. Nxb7 Rxb7 19. Bxa6 Rcb8 20. Bxb7 Rxb7 21. Rfc1 Na7 22. Ne5 f6 23. Nxg6 hxg6 24. Qc2 Qb8 25. b3 Kh7 26. Rc7 1-0

[Event "Montcalm-ch"]
[Site "Quebec"]
[Date "2016.05.05"]
[Round "2"]
[White "Cournoyer, Dominic"]
[Black "Cummins, Paul"]
[Result "1-0"]
[WhiteElo "1977"]
[BlackElo "1742"]
[PlyCount "77"]
[EventDate "2016.04.28"]
[EventType "tourn"]
[EventRounds "5"]
[EventCountry "CAN"]
[SourceTitle "EXT 2022"]
[Source "ChessBase"]
[SourceDate "2021.10.06"]
[SourceVersion "1"]
[SourceVersionDate "2021.10.06"]
[SourceQuality "1"]

1. c4 f5 2. Nc3 Nf6 3. g3 e6 4. Bg2 Be7 5. Nf3 d6 6. 0-0 0-0 7. b4 Ne4 8. Bb2 Bf6 9. d4 d5 10. cxd5 Nxc3 11. Bxc3 exd5 12. Ne5 a6 13. Qb3 c6 14. a4 Re8 15. b5 axb5 16. axb5 Rxa1 17. Rxa1 Be6 18. Nd3 Nd7 19. e3 Bf7 20. bxc6 bxc6 21. Bb4 Nf8 22. Qa4 Qc7 23. Rc1 Rc8 24. Nf4 Qb7 25. Bf1 Ng6 26. Nxg6 Bxg6 27. Qa6 Qb8 28. Bd6 Qa8 29. Qxa8 Rxa8 30. Rxc6 Be8 31. Rc1 Rd8 32. Bc7 Ra8 33. Be2 g6 34. Bf3 Bf7 35. Bb6 Rb8 36. Bc5 Rd8 37. Rb1 Kg7 38. Rb7 g5 39. Bh5 1-0

[Event "Montcalm-ch"]
[Site "Quebec"]
[Date "2016.04.28"]
[Round "1"]
[White "Lessard, Claude"]
[Black "Cournoyer, Dominic"]
[Result "1-0"]
[WhiteElo "2107"]
[BlackElo "1977"]
[PlyCount "69"]
[EventDate "2016.04.28"]
[EventType "tourn"]
[EventRounds "5"]
[EventCountry "CAN"]
[SourceTitle "EXT 2022"]
[Source "ChessBase"]
[SourceDate "2021.10.06"]
[SourceVersion "1"]
[SourceVersionDate "2021.10.06"]
[SourceQuality "1"]

1. d4 d5 2. c4 c6 3. Nc3 Nf6 4. Nf3 Bg4 5. Ne5 Be6 6. cxd5 Nxd5 7. e4 Nxc3 8. bxc3 g6 9. h3 Bg7 10. Nf3 0-0 11. Be2 c5 12. 0-0 Bd7 13. Rb1 Qc7 14. Be3 Nc6 15. d5 Ne5 16. Ne1 Bc8 17. f4 Nd7 18. c4 b6 19. e5 Nb8 20. Bf3 Bb7 21. Nd3 Na6 22. Qd2 Rad8 23. a4 f6 24. e6 f5 25. a5 Bd4 26. axb6 axb6 27. Bxd4 cxd4 28. Ne5 Nc5 29. Qxd4 Nxe6 30. Qxb6 Qc5+ 31. Qxc5 Nxc5 32. Rb5 Rc8 33. Rfb1 Ba6 34. Ra5 Rf6 35. Nc6 1-0

[Event "Quebec Montcalm op 6 2015-16"]
[Site "Quebec"]
[Date "2016.04.21"]
[Round "5"]
[White "Berube, Antoine"]
[Black "Cournoyer, Dominic"]
[Result "1-0"]
[WhiteElo "2151"]
[BlackElo "1980"]
[PlyCount "67"]
[EventDate "2016.03.24"]
[EventType "swiss"]
[EventRounds "5"]
[EventCountry "CAN"]
[SourceTitle "EXT 2022"]
[Source "ChessBase"]
[SourceDate "2021.10.06"]
[SourceVersion "1"]
[SourceVersionDate "2021.10.06"]
[SourceQuality "1"]

1. c4 c6 2. Nf3 d5 3. d4 e6 4. Qc2 f5 5. Bf4 Nf6 6. e3 Be7 7. Nc3 0-0 8. h3 Bd7 9. Ne5 Be8 10. g4 Ne4 11. gxf5 Nxc3 12. Qxc3 Na6 13. 0-0-0 Bh5 14. f3 Rxf5 15. Rg1 Rc8 16. c5 Bg5 17. Bd3 Rxf4 18. exf4 Bxf4+ 19. Kb1 Qf6 20. Rde1 Nc7 21. Qc2 h6 22. Qb3 Nb5 23. Bxb5 cxb5 24. Qxb5 b6 25. Qd7 Rd8 26. Qxa7 bxc5 27. Qxc5 Qf5+ 28. Ka1 Ra8 29. Qc6 Ra7 30. Qb6 Re7 31. Qd8+ Re8 32. Qd7 g5 33. Ng4 Qg6 34. Qxe8+ 1-0

[Event "Quebec Montcalm op 5 2015-16"]
[Site "Quebec"]
[Date "2016.02.25"]
[Round "2"]
[White "Cournoyer, Dominic"]
[Black "Cummins, Paul"]
[Result "1/2-1/2"]
[WhiteElo "2026"]
[BlackElo "1805"]
[PlyCount "93"]
[EventDate "2016.02.18"]
[EventType "swiss"]
[EventRounds "5"]
[EventCountry "CAN"]
[SourceTitle "EXT 2022"]
[Source "ChessBase"]
[SourceDate "2021.10.06"]
[SourceVersion "1"]
[SourceVersionDate "2021.10.06"]
[SourceQuality "1"]

1. c4 f5 2. Nf3 Nf6 3. Nc3 e6 4. g3 Be7 5. Bg2 0-0 6. 0-0 Qe8 7. Rb1 d6 8. b4 Na6 9. b5 Nc5 10. d4 Nce4 11. Nxe4 Nxe4 12. Qb3 Qh5 13. Rb2 Bf6 14. Rc2 Kh8 15. c5 e5 16. dxe5 dxe5 17. Bb2 Qe8 18. Nd2 Ng5 19. h4 Ne6 20. Nf3 e4 21. Ne5 Nd8 22. Nc4 Bd7 23. Bxf6 Rxf6 24. Rb2 Ne6 25. Qb4 Qf8 26. Rd1 Nxc5 27. Rbd2 Be8 28. Rd8 Rxd8 29. Rxd8 b6 30. Ra8 f4 31. Nd2 fxg3 32. fxg3 h6 33. Nxe4 Re6 34. Nxc5 bxc5 35. Qg4 Qe7 36. Bc6 Rxc6 37. bxc6 Qe3+ 38. Kg2 Kh7 39. Qf5+ Bg6 40. Qf2 Qe6 41. Rxa7 Qxc6+ 42. Kh2 c4 43. Qf4 Qe6 44. Rxc7 Qxe2+ 45. Kg1 Qe1+ 46. Kh2 Qe2+ 47. Kg1 1/2-1/2

[Event "Quebec Montcalm op 4 2015-16"]
[Site "Quebec"]
[Date "2016.01.14"]
[Round "1"]
[White "Cournoyer, Dominic"]
[Black "Beaudoin, Stephane"]
[Result "1/2-1/2"]
[WhiteElo "1992"]
[BlackElo "2153"]
[PlyCount "63"]
[EventDate "2016.01.14"]
[EventType "swiss"]
[EventRounds "5"]
[EventCountry "CAN"]
[SourceTitle "EXT 2022"]
[Source "ChessBase"]
[SourceDate "2021.10.06"]
[SourceVersion "1"]
[SourceVersionDate "2021.10.06"]
[SourceQuality "1"]

1. c4 Nf6 2. Nc3 g6 3. Nf3 Bg7 4. g3 0-0 5. Bg2 d6 6. 0-0 e5 7. d4 exd4 8. Nxd4 Nbd7 9. b3 Nc5 10. Bb2 Ne6 11. Qd2 Nxd4 12. Qxd4 Ng4 13. Qd2 Re8 14. Rad1 c6 15. Ne4 Bxb2 16. Qxb2 d5 17. cxd5 cxd5 18. h3 Bf5 19. Nc3 Nf6 20. Nxd5 Nxd5 21. Rxd5 Qe7 22. e3 Rac8 23. Rd2 Rc5 24. Rfd1 b6 25. Qd4 Qe6 26. g4 Bc2 27. Rc1 Rec8 28. Qd6 Qe8 29. Qd7 Qe5 30. Qd4 Qe7 31. Qd7 Qe5 32. Qd4 1/2-1/2